000 00473nam a2200181Ia 4500
001 23307
005 20260414150928.0
008 260414t2016||||xx |||||||||||||| ||spa||
041 _aESP
082 _a629.1301
_bB16
100 _aBaichtal, John
_eAUT
245 0 _aBuilding your own drones :
_ba beginner´s guide to drones, UAVs, and ROVs
260 _c2016
300 _axiv, 249 páginas :
_c23 cm.
650 _aCNM
654 _aCCN
942 _cLIB
_dJUS
_fJUS
_2ddc
_n
999 _c23307
_d23307